| 000 | 00670nam a2200157 i 4500 | ||
|---|---|---|---|
| 001 | 161930 | ||
| 003 | ES-MaACL | ||
| 005 | 20230906212403.0 | ||
| 008 | 990701s1893 sp |||| | spa d | ||
| 040 |
_aGA _bspa _cCCPB | 3D |
||
| 100 | 1 |
_aPeriáñez Crespo, Manuel. _9131029 |
|
| 245 | 1 | 0 | _aDiscurso leído en la Universidad de Salamanca en la inauguración del curso académico de 1893 a 94 por el Doctor Don Manuel Periáñez Crespo. |
| 260 |
_aSalamanca : _b[s.n.], _c1893 ( _fEstablecimiento Tipográfico de Francisco Núñez) |
||
| 300 |
_a92 p. ; _c31 cm. |
||
| 852 |
_aES-MaACL _jT-657-F-8 _z-- Enc. hol. conservando la cub. original _z-- Enc. en un vol. facticio |
||
| 999 |
_c161930 _d161930 |
||